[Event "COL-ch Sena (Women)"]
[Site "Cucuta"]
[Date "2015.11.??"]
[Round "3.2"]
[White "Martinez Oliveros, Angela Lorena"]
[Black "Chavez Restrepo, Diana Maria"]
[Result "0-1"]
[WhiteElo "1600"]
[BlackElo "1800"]
[PlyCount "73"]
[EventDate "2015.11.25"]
[EventType "swiss"]
[EventRounds "5"]
[EventCountry "COL"]
[SourceTitle "EXT 2024"]
[Source "ChessBase"]
[SourceDate "2023.10.10"]
[SourceVersion "1"]
[SourceVersionDate "2023.10.10"]
[SourceQuality "1"]

1. e4 c5 2. Nc3 g6 3. Bc4 Nc6 4. Nf3 Bg7 5. Ng5 e6 6. d3 Nf6 7. 0-0 0-0 8. Be3 d5 9. exd5 exd5 10. Bxc5 dxc4 11. Bxf8 Qxf8 12. dxc4 Bf5 13. a3 Rd8 14. Qf3 Bxc2 15. Nce4 Nd4 16. Nxf6+ Kh8 17. Nfxh7 Nxf3+ 18. gxf3 Qe7 19. Rae1 Qc7 20. Re2 Bd3 21. Rfe1 Bxe2 22. Rxe2 Bh6 23. Re4 Bxg5 24. Nxg5 Kg7 25. Kg2 Rh8 26. f4 Qd7 27. Kg3 f6 28. Ne6+ Kf7 29. b4 Qd3+ 30. Re3 Qf1 31. h4 Qg1+ 32. Kf3 Rxh4 33. Nd4 Qg4+ 34. Ke4 Qxf4+ 35. Kd3 Qxd4+ 36. Ke2 Qxc4+ 37. Kf3 0-1